Регионална библиотека "Любен Каравелов" - Русе

Завръщането на негодника (Запис номер 499738)

MARC детайли
000 -Лидер
Лидер 01515nam a2200373 a 4500
003 - Код на организацията, давaща контролен номер
Код на организацията, даваща контролен номер BLK
005 - Дата и час на последна редакция
Дата и час на последна редакция 20240103094723.0
007 - Фиксирано поле за физическо описани
Физическо описание ta
008 - Елементи от данни с фиксирана дължина
Елементи с фиксирана дължина 180411b bul|||||r ||||||| ||bul||
020 ## - Международен стандартен номер на книга ISBN
ISBN 9789543994755
040 ## - Източник на каталожния запис
Код на библиотеката BLK
041 ## - Код за език
Език Български
Език за КДБФ Български
080 ## - УДК
УДК текст Американска литература (на САЩ)
УДК код 821.111(73)
УДК – определител -31
УДК – код + определител 821.111(73)-31
100 1# - Редна дума - Автор
Автор Джефрис, Сабрина
R(LIN) 336074
245 10 - Сведения за заглавието
Заглавие Завръщането на негодника
Подзаглавни данни Роман
Авторска отговорност Сабрина Джефрис ; прев. Мариана Христова.
250 ## - Област на изданието
Поредност на изданието 2. изд.
260 ## - Област на издателските данни
Име на издателя СББ Медиа
Година на издаване 2023
Място на издаване София
9 (RLIN) 219405
300 ## - Физическа характеристика
Брой страници 299 с.
Размер 20 см
380 ## - Жанр
Жанр Худож. лит.
490 ## - СЕРИИ (Колекции)
Серия Исторически любовни романи
Номер в серията 5
9 (RLIN) 203324
500 ## - Общи забележки
Обща забележка Ориг. загл.: When the rogue returns / Sabrina Jeffries<br/>1. изд. 2015 на изд. Kalpazanov<br/>Кн. 2 от поредицата Хората на херцога<br/>Кн. се разпространява с изд. на SBB Media
700 ## - Други автори (авторска отговорност)
Друг автор Христова, Мариана Тошкова
Дати, свързани с автора 1981-
Авт. отговорност на др. автор прев.
9 (RLIN) 381272
852 ## - Местоположение
Сигнатура (форматна) Цб 321103
Отдел Хранилище
856 4# - Електронен адрес и достъп
Електронен формат pdf - файл
Инструкция (цена за достъп) 0.00
Права за достъп disable
856 4# - Електронен адрес и достъп
Електронен формат pdf - файл
Инструкция (цена за достъп) 0.00
Права за достъп disable
942 ## - АРТИКУЛИ
Вид на библиотечния документ Книги
Скрит в OPAC Не
Периодичен библиозапис Да
Koha issues (borrowed), all copies 9
944 ## - СЪЗДАВАНЕ И РЕДАКЦИЯ на ЗАПИСА
Дата на регистрацията/редакция Нора Радева
Служител, извършил регистрацията/редакцията 30545
Номер на служител Нора Радева
999 ## - СИСТЕМНИ КОНТРОЛНИ НОМЕРА
Koha biblionumber 499738
Koha biblioitemnumber 499738
999 ## - СИСТЕМНИ КОНТРОЛНИ НОМЕРА
Koha biblioitemnumber 499738
999 ## - СИСТЕМНИ КОНТРОЛНИ НОМЕРА
Koha biblioitemnumber 169071
999 ## - СИСТЕМНИ КОНТРОЛНИ НОМЕРА
Koha biblioitemnumber 169071
999 ## - СИСТЕМНИ КОНТРОЛНИ НОМЕРА
Koha biblioitemnumber 169071
999 ## - СИСТЕМНИ КОНТРОЛНИ НОМЕРА
Koha biblioitemnumber 169071
Наличности
Код за отписване Код за изгубен артикул Източник на класификационната схема Код за повреда Коз за рестрикции Код за отдаване Артикулен № Име на библиотеката - собственик Име на библиотеката, в която се намира в момента Статус (Текущо местоположение) Дата на вписване в системата Местоположение - отдел Цена в лева Инвентарен номер Систематично азбучна сигнатура Баркод Цена в евро Служебен тип на артикула
  Не е изгубен Universal Decimal Classification Не е повреден само за читалня ползва се в читалня 938624 Регионална библиотека "Любен Каравелов" Русе Регионална библиотека "Любен Каравелов" Русе Хранилище 2024-01-12 Хранилище 15.00 120000897655 Цб 321103 120000897655 7.67 Книги
Vip Innovations Ltd, Rousse, Bulgaria 2025